000 00344nam a2200145Ia 4500
005 20250429085018.0
008 240331s9999 xx 000 0 und d
082 _bSUB
_a291
100 _aSubramaniam, M.K
245 0 _aPeriyar meihel
260 _aKovai
_bNanthini Achagam
_c1997
300 _a48 p .,
500 _aNihal Kurunool
942 _cL
999 _c4280
_d4280